000 00819nam a2200193Ia 4500
999 _c41502
_d41502
001 8169
003 GE_BSU
005 20240402103440.0
008 181216s2011||||ru |||||||||||||| || ||
020 _a9789941032738
040 _cGE_BSU
080 _a621.397 К-55
100 _aКобиашвили, Нели
_921674
245 _aДалекое-близкое /
_cНелли Кобиашвили ; Редактор, автор идей печатной версии циклов и телепередач Эльза Набахтевели ; Редактор русского текста Майа Кузмина ; Дизайнер Мириан Ханишвили.
264 _aТбилиси :
_bСезане,
_c2011.
300 _a146с. ;
_c25 см.
653 _aДалекое-близкое
942 _cBK
_2udc